Catálogo

SCHOPENHAUER EN SUS PAGINAS (Registro nro. 57866)

Detalles MARC
000 -LEADER
fixed length control field 00888nam a2200205 a 4500
001 - CONTROL NUMBER
control field 57866
005 - DATE AND TIME OF LATEST TRANSACTION
control field 20180714054233.0
008 - FIXED-LENGTH DATA ELEMENTS--GENERAL INFORMATION
fixed length control field 140415s1991 mx 000 0 spa d
020 ## - INTERNATIONAL STANDARD BOOK NUMBER
International Standard Book Number 9681634772
041 ## - LANGUAGE CODE
Language code of text/sound track or separate title spa
082 ## - DEWEY DECIMAL CLASSIFICATION NUMBER
Classification number 141
Item number STE
100 1# - MAIN ENTRY--PERSONAL NAME
Personal name STEPANENKO, PEDRO
245 10 - TITLE STATEMENT
Title SCHOPENHAUER EN SUS PAGINAS
250 ## - EDITION STATEMENT
Edition statement 1a ed.
260 ## - PUBLICATION, DISTRIBUTION, ETC.
Place of publication, distribution, etc. MEXICO :
Name of publisher, distributor, etc. FONDO DE CULTURA ECONOMICA,
Date of publication, distribution, etc. 1991
300 ## - PHYSICAL DESCRIPTION
Extent 253
Dimensions 13.7 x 1.9 x 20.9
490 ## - SERIES STATEMENT
Series statement SECCION DE OBRAS DE FILOSOFIA
520 ## - SUMMARY, ETC.
Summary, etc. SON POCAS LAS DOCTRINAS QUE PUEDEN OFRECER, COMO LA DE ARTHUR SCHOPENHAUER (1788- 1860), UN CONJUNTO DE ALTA COHERENCIA Y FIEL APEGO AL SENTIDO DE LA REALIDAD, DENTRO DE UNA HISTORIA DE CONSTRUCCIONES MAS O MENOS ARTIFICIALES, UN AMPLIO PASADO DE RIGOR TEOLOGICO Y MATEMATICO.
650 14 - SUBJECT ADDED ENTRY--TOPICAL TERM
Topical term or geographic name entry element FILOSOFIA ALEMANA
General subdivision FILOSOFOS ALEMANES
-- FILOSOFIA DEL SIGLO XIX
-- SCHOPENHAUER, ARTHUR
Existencias
Withdrawn status Lost status Source of classification or shelving scheme Damaged status Not for loan Collection code Home library Current library Shelving location Date acquired Source of acquisition Inventory number Total Checkouts Full call number Barcode Date last seen Date last checked out Price effective from Koha item type
    Dewey Decimal Classification     General Biblioteca Karol Wojtyla Biblioteca Karol Wojtyla Sala general 03/12/2013 Compra 151000000000000000060937   141 STE 87356 05/01/2026 20/05/2016 03/12/2013 Libro